000 00771nam a22002537a 4500
001 BR6900740
003 BR-BrBNA
005 20230928083550.0
007 ta
008 230509b bl.||||| |||| 00| 0 por d
040 _aBR-BrBNA
_bpor
_cBiblioteca Nacional de Agricultura
041 _a(Por)
072 _aL10
_b/G514
090 _ L10 BR6900740
110 1 _aAssociacao do Registro Genealogico Sul Riograndense, Pelotas, RS (Brasil)
_9551
245 1 _aHerd-book brasileiro da raca heroford 102.885 a 108.552. Inscricoes efetuadas em 1968 [gado, linhagem]
260 3 _aPelotas, RS (Brasil):
_c1969.
300 _a248 p.
650 _aGADO LEITEIRO
650 _aLINHAGEM
650 _aGENETICA ANIMAL
909 _a202309
_bLucia
_c55
_dLucia Elande
942 _cBK
999 _c14204
_d14204